[Event "Bunratty Masters op 23rd"]
[Site "Bunratty"]
[Date "2016.02.20"]
[Round "4"]
[White "Denger, Philipp"]
[Black "Li, Henry"]
[Result "0-1"]
[WhiteElo "2088"]
[BlackElo "1929"]
[PlyCount "100"]
[EventDate "2016.02.19"]
[EventType "swiss"]
[EventRounds "6"]
[EventCountry "IRL"]
[SourceTitle "EXT 2017"]
[Source "ChessBase"]
[SourceDate "2016.10.25"]
[SourceVersion "1"]
[SourceVersionDate "2016.10.25"]
[SourceQuality "1"]

1. e4 e5 2. Nf3 Nc6 3. d4 exd4 4. Nxd4 Nf6 5. Nxc6 bxc6 6. e5 Qe7 7. Qe2 Nd5 8. c4 Ba6 9. b3 g5 10. g3 Bg7 11. Bb2 0-0 12. Bg2 Rae8 13. 0-0 Bxe5 14. Bxe5 Qxe5 15. Qxe5 Rxe5 16. cxd5 Bxf1 17. Kxf1 cxd5 18. Nc3 c6 19. Bf3 Rfe8 20. Rd1 Kf8 21. Ne2 f5 22. h3 Ke7 23. Rd4 Kd6 24. Ra4 Ra8 25. Ke1 Kc5 26. Kd2 a5 27. g4 fxg4 28. Bxg4 Re4 29. Rxe4 dxe4 30. a3 d5 31. Ke3 Rh8 32. Bh5 Kd6 33. f3 Rb8 34. Nc1 Ke5 35. fxe4 dxe4 36. Bg4 c5 37. Be2 Rb6 38. Bg4 Rh6 39. Ne2 Rd6 40. Nc1 Rb6 41. a4 Rf6 42. Be2 Rh6 43. Bg4 Rh4 44. Ne2 h5 45. Bd7 Rf4 46. Nc1 g4 47. hxg4 hxg4 48. Bc8 g3 49. Bh3 Rf2 50. Ne2 Rf3+ 0-1

[Event "Bunratty Masters op 23rd"]
[Site "Bunratty"]
[Date "2016.02.19"]
[Round "1"]
[White "Baburin, Alexander"]
[Black "Denger, Philipp"]
[Result "1-0"]
[WhiteElo "2490"]
[BlackElo "2088"]
[PlyCount "69"]
[EventDate "2016.02.19"]
[EventType "swiss"]
[EventRounds "6"]
[EventCountry "IRL"]
[SourceTitle "EXT 2017"]
[Source "ChessBase"]
[SourceDate "2016.10.25"]
[SourceVersion "1"]
[SourceVersionDate "2016.10.25"]
[SourceQuality "1"]

1. d4 e6 2. c4 Nf6 3. Nc3 Bb4 4. e3 Ne4 5. Qc2 f5 6. Bd3 0-0 7. Nge2 d5 8. f3 Nd6 9. c5 Ne8 10. a3 Bxc3+ 11. Qxc3 a5 12. Bd2 Bd7 13. b4 axb4 14. axb4 Rxa1+ 15. Qxa1 Nc6 16. 0-0 Ne7 17. b5 Nf6 18. Qa7 Qc8 19. Rc1 c6 20. b6 Ng6 21. f4 Ne4 22. Be1 Be8 23. Ra1 Nh8 24. Qa8 Bh5 25. Qxc8 Rxc8 26. Nc1 Bd1 27. Ra7 Rb8 28. Na2 Bb3 29. Nb4 Bc4 30. Bxe4 dxe4 31. Nxc6 bxc6 32. Ba5 Ng6 33. b7 Kf7 34. Bc7 Rxb7 35. Rxb7 1-0

[Event "Bunratty Masters op 22nd"]
[Site "Bunratty"]
[Date "2015.02.20"]
[Round "1"]
[White "Denger, Philipp"]
[Black "Pert, Nicholas"]
[Result "0-1"]
[WhiteElo "2088"]
[BlackElo "2565"]
[PlyCount "60"]
[EventDate "2015.02.20"]
[EventType "swiss"]
[EventRounds "6"]
[EventCountry "IRL"]
[SourceTitle "CBM 165 Extra"]
[Source "ChessBase"]
[SourceDate "2015.04.21"]
[SourceVersion "1"]
[SourceVersionDate "2015.04.21"]
[SourceQuality "1"]

1. d4 d5 2. c4 c6 3. Nf3 Nf6 4. e3 Bg4 5. Nbd2 e6 6. Bd3 Nbd7 7. b3 Bd6 8. Qc2 e5 9. dxe5 Nxe5 10. Nxe5 Bxe5 11. Bb2 Bxb2 12. Qxb2 0-0 13. Be2 Bxe2 14. Kxe2 Qd7 15. h3 Rfe8 16. cxd5 Nxd5 17. Rhd1 Rad8 18. Kf1 c5 19. Qc2 Rxe3 20. Qxc5 Rd3 21. Nc4 b6 22. Qa3 Nf4 23. Rxd3 Qxd3+ 24. Kg1 Qg6 25. g3 Nxh3+ 26. Kf1 Qd3+ 27. Kg2 Nxf2 28. Rf1 Ne4 29. Qe7 Qxg3+ 30. Kh1 Nf2+ 0-1

[Event "Oberliga Nord W 1314"]
[Site "Germany"]
[Date "2014.02.23"]
[Round "7.8"]
[White "Denger, Philipp"]
[Black "Krajina, Davor"]
[Result "0-1"]
[WhiteElo "2091"]
[BlackElo "2251"]
[PlyCount "82"]
[EventDate "2013.10.13"]
[EventType "team-tourn"]
[EventRounds "9"]
[EventCountry "GER"]
[SourceTitle "EXT 2015"]
[Source "ChessBase"]
[SourceDate "2014.11.20"]
[SourceVersion "1"]
[SourceVersionDate "2014.11.20"]
[SourceQuality "1"]
[WhiteTeam "Lister Turm"]
[BlackTeam "Bremer SG"]
[WhiteTeamCountry "GER"]
[BlackTeamCountry "GER"]

1. d4 d5 2. c4 dxc4 3. e3 Be6 4. Nc3 c6 5. Nge2 Bg4 6. f3 Bd7 7. e4 e6 8. Be3 Nf6 9. Qd2 Bb4 10. g4 Qa5 11. Ng3 b5 12. g5 Ng8 13. h4 Ne7 14. Bh3 e5 15. dxe5 Bxh3 16. Rxh3 Nd7 17. f4 Rd8 18. Qc2 Nc5 19. Bxc5 Bxc5 20. Nge2 0-0 21. Rd1 b4 22. Rxd8 Rxd8 23. Qa4 Qc7 24. Nb1 Qd7 25. Rg3 Ng6 26. h5 b3 27. Nbc3 Nxf4 28. Qxc4 bxa2 29. Qxa2 Nxe2 30. Kxe2 Qd2+ 31. Kf3 Rd3+ 32. Kg4 Rxg3+ 33. Kxg3 Qxg5+ 34. Kf3 Qxh5+ 35. Kg2 Qg4+ 36. Kf1 Qf3+ 37. Ke1 Qe3+ 38. Kd1 Qd3+ 39. Ke1 Be3 40. Nb1 Qxe4 41. Nc3 Qxe5 0-1

[Event "Oberliga Nord W 1314"]
[Site "Germany"]
[Date "2013.12.15"]
[Round "4.7"]
[White "Streich, Gerhard"]
[Black "Denger, Philipp"]
[Result "0-1"]
[WhiteElo "2167"]
[BlackElo "2091"]
[PlyCount "124"]
[EventDate "2013.10.13"]
[EventType "team-tourn"]
[EventRounds "9"]
[EventCountry "GER"]
[SourceTitle "EXT 2015"]
[Source "ChessBase"]
[SourceDate "2014.11.20"]
[SourceVersion "1"]
[SourceVersionDate "2014.11.20"]
[SourceQuality "1"]
[WhiteTeam "Hannover SF"]
[BlackTeam "Lister Turm"]
[WhiteTeamCountry "GER"]
[BlackTeamCountry "GER"]

1. d4 Nf6 2. c4 e6 3. Nf3 b6 4. g3 Ba6 5. Nbd2 Bb7 6. Bg2 c5 7. dxc5 bxc5 8. 0-0 Be7 9. b3 0-0 10. Bb2 Na6 11. Ne5 Bxg2 12. Kxg2 Qb6 13. Ndf3 d6 14. Nd3 Rfd8 15. Qc1 Nc7 16. Nf4 a5 17. Rb1 Qc6 18. Kg1 a4 19. Bxf6 Bxf6 20. Nh5 Be7 21. Qf4 Ne8 22. Ng5 Nf6 23. Nxf6+ Bxf6 24. Qe4 Qxe4 25. Nxe4 axb3 26. axb3 Be7 27. Nc3 d5 28. e3 Bf6 29. Na4 Ra5 30. cxd5 exd5 31. Nb2 Kf8 32. Rfc1 Rb8 33. Nd3 c4 34. bxc4 Rxb1 35. Rxb1 dxc4 36. Nc1 Ke7 37. Kf1 Kd6 38. Ke2 Kc5 39. Kd2 Ra7 40. Kc2 Be5 41. f4 Bf6 42. Rb8 Kd5 43. Re8 Re7 44. Rxe7 Bxe7 45. Na2 f5 46. Nc3+ Kc5 47. e4 fxe4 48. Nxe4+ Kd4 49. Nd2 Bb4 50. Nf3+ Kd5 51. Ng5 h6 52. Nf3 Ba5 53. Nh4 Ke4 54. Ng6 Kf3 55. Ne5+ Kg2 56. Nxc4 Bd8 57. Ne3+ Kxh2 58. Nf5 Bf6 59. g4 Kh3 60. Nxh6 gxh6 61. g5 Bxg5 62. fxg5 hxg5 0-1

[Event "Oberliga Nord W 1314"]
[Site "Germany"]
[Date "2013.11.10"]
[Round "2.8"]
[White "Denger, Philipp"]
[Black "Bos, Robin"]
[Result "0-1"]
[WhiteElo "2091"]
[BlackElo "1920"]
[PlyCount "73"]
[EventDate "2013.10.13"]
[EventType "team-tourn"]
[EventRounds "9"]
[EventCountry "GER"]
[SourceTitle "EXT 2015"]
[Source "ChessBase"]
[SourceDate "2014.11.20"]
[SourceVersion "1"]
[SourceVersionDate "2014.11.20"]
[SourceQuality "1"]
[WhiteTeam "Lister Turm"]
[BlackTeam "Nordhorn Blanke"]
[WhiteTeamCountry "GER"]
[BlackTeamCountry "GER"]

1. d4 Nf6 2. c4 e6 3. g3 c5 4. d5 exd5 5. cxd5 b5 6. Bg2 d6 7. e4 Nbd7 8. Nh3 g6 9. 0-0 Bg7 10. Nd2 0-0 11. f4 a5 12. Nf2 Ba6 13. Re1 Re8 14. Rb1 c4 15. Nf3 Nc5 16. Nd4 Nfd7 17. Be3 b4 18. Nc6 Qc7 19. Bd4 Nd3 20. Nxd3 Bxd4+ 21. Nxd4 cxd3 22. Kh1 Rac8 23. Bh3 f5 24. exf5 Qc4 25. Nc6 Qxd5+ 26. Bg2 Qxf5 27. Ne7+ Rxe7 28. Rxe7 Rc2 29. Rc1 Nf6 30. Re1 Ng4 31. Rxc2 dxc2 32. Qxd6 Nf2+ 33. Kg1 Nd3 34. Bd5+ Kg7 35. Qe7+ Kh6 36. Qh4+ Qh5 37. Qf6 0-1

[Event "Oberliga Nord W 1213"]
[Site "Germany"]
[Date "2012.11.25"]
[Round "3.6"]
[White "Denger, Philipp"]
[Black "Buerckner, Hartmut"]
[Result "1/2-1/2"]
[WhiteElo "2079"]
[BlackElo "2167"]
[PlyCount "88"]
[EventDate "2012.10.14"]
[EventType "team-tourn"]
[EventRounds "9"]
[EventCountry "GER"]
[SourceTitle "EXT 2014"]
[Source "ChessBase"]
[SourceDate "2013.11.20"]
[SourceVersion "1"]
[SourceVersionDate "2013.11.20"]
[SourceQuality "1"]
[WhiteTeam "Lister Turm"]
[BlackTeam "Oldenburg Union"]
[WhiteTeamCountry "GER"]
[BlackTeamCountry "GER"]

1. d4 g6 2. c4 Bg7 3. Nc3 e6 4. Nf3 Ne7 5. e4 0-0 6. Bd3 d5 7. 0-0 b6 8. cxd5 exd5 9. Qb3 Bb7 10. Rd1 dxe4 11. Bxe4 Bxe4 12. Nxe4 Qd5 13. Qd3 Nbc6 14. Bf4 Nb4 15. Qe2 Qd7 16. Bh6 Nbd5 17. Bxg7 Kxg7 18. Rac1 f6 19. Qc4 Rfe8 20. Re1 a5 21. a3 Rac8 22. h3 Nf4 23. Kh2 Ned5 24. Nc3 Nxc3 25. Qxc3 Nd5 26. Qd2 Qf5 27. Ng1 h5 28. g3 h4 29. Re2 Rxe2 30. Qxe2 Kf7 31. Re1 Rh8 32. Kg2 Qd7 33. Qe4 Rh5 34. Qg4 Qxg4 35. hxg4 Rg5 36. f3 Ne7 37. gxh4 Rd5 38. Ne2 Rb5 39. Rb1 Rb3 40. Nc1 Re3 41. Kf2 Nd5 42. Ne2 Rb3 43. Nc1 Re3 44. Ne2 Rb3 1/2-1/2

[Event "Oberliga Nord W 1213"]
[Site "Germany"]
[Date "2012.10.14"]
[Round "1.6"]
[White "Denger, Philipp"]
[Black "Markgraf, Stefan"]
[Result "1/2-1/2"]
[WhiteElo "2079"]
[BlackElo "2101"]
[PlyCount "92"]
[EventDate "2012.10.14"]
[EventType "team-tourn"]
[EventRounds "9"]
[EventCountry "GER"]
[SourceTitle "EXT 2014"]
[Source "ChessBase"]
[SourceDate "2013.11.20"]
[SourceVersion "1"]
[SourceVersionDate "2013.11.20"]
[SourceQuality "1"]
[WhiteTeam "Lister Turm"]
[BlackTeam "Goettingen Tempo"]
[WhiteTeamCountry "GER"]
[BlackTeamCountry "GER"]

1. d4 e6 2. c4 f5 3. g3 Nf6 4. Bg2 d5 5. Nf3 c6 6. 0-0 Bd6 7. b3 Qe7 8. a4 0-0 9. Ba3 Bxa3 10. Nxa3 Nbd7 11. Nc2 b6 12. Nce1 Ba6 13. Qc2 c5 14. dxc5 Nxc5 15. b4 Nce4 16. b5 Bb7 17. cxd5 Bxd5 18. Nd3 Rac8 19. Qb2 Nc5 20. Nb4 Bb7 21. Ne5 Bxg2 22. Kxg2 a5 23. bxa6 Nxa6 24. Nxa6 Qb7+ 25. Kg1 Qxa6 26. Rfb1 Qa5 27. Qb5 Rc5 28. Qxa5 bxa5 29. Rb5 Rfc8 30. Rab1 g5 31. Nd3 Rd5 32. Rxd5 Nxd5 33. Rb5 Nc3 34. Rxa5 Nxe2+ 35. Kf1 Nd4 36. Ra7 Rc3 37. Ne5 Rc5 38. Rd7 Rxe5 39. Rxd4 Kf7 40. h4 h6 41. hxg5 hxg5 42. g4 Kf6 43. gxf5 Kxf5 44. Kg2 Rc5 45. Rd3 Kf4 46. Rf3+ Kg4 1/2-1/2

[Event "Bargteheide op"]
[Site "Bargteheide"]
[Date "2010.05.14"]
[Round "3"]
[White "Denger, Philipp"]
[Black "Hebbinghaus, Holger"]
[Result "1/2-1/2"]
[WhiteElo "2088"]
[BlackElo "2291"]
[PlyCount "56"]
[EventDate "2010.05.13"]
[EventType "swiss"]
[EventRounds "7"]
[EventCountry "GER"]
[SourceTitle "CBM 136 Extra"]
[Source "ChessBase"]
[SourceDate "2010.07.02"]
[SourceVersion "2"]
[SourceVersionDate "2010.07.15"]
[SourceQuality "1"]

1. Nf3 Nc6 2. g3 d5 3. Bg2 e5 4. d3 Nf6 5. 0-0 Be7 6. Nbd2 0-0 7. e4 Re8 8. Re1 dxe4 9. dxe4 Bc5 10. h3 a5 11. c3 b6 12. Qa4 Bd7 13. Qc2 Qc8 14. h4 Ng4 15. Re2 Nb8 16. Nf1 Bb5 17. c4 Bd7 18. Be3 Nxe3 19. Nxe3 Bxe3 20. Rxe3 Nc6 21. c5 b5 22. a3 Bg4 23. Rc1 Bxf3 24. Bxf3 Nd4 25. Qd1 Qe6 26. Bg4 Qe7 27. c6 Red8 28. Rd3 Rd6 1/2-1/2

[Event "Volme op-B"]
[Site "Schalksmuehle"]
[Date "2007.08.26"]
[Round "4"]
[White "Rosskothen, Arnd"]
[Black "Denger, Philipp"]
[Result "1/2-1/2"]
[WhiteElo "1980"]
[BlackElo "1949"]
[PlyCount "61"]
[EventDate "2007.08.24"]
[EventType "tourn"]
[EventRounds "5"]
[EventCountry "GER"]
[SourceTitle "EXT 2009"]
[Source "ChessBase"]
[SourceDate "2008.11.26"]
[SourceVersion "1"]
[SourceVersionDate "2008.11.26"]
[SourceQuality "1"]

1. e4 e6 2. d4 d5 3. Nc3 Nf6 4. e5 Nfd7 5. f4 c5 6. Nf3 Nc6 7. Be3 cxd4 8. Nxd4 Bc5 9. Qd2 Bxd4 10. Bxd4 Nxd4 11. Qxd4 Qb6 12. 0-0-0 Qxd4 13. Rxd4 a6 14. Rd2 Nb6 15. b3 Bd7 16. Ne2 Bb5 17. a4 Bxe2 18. Bxe2 Ke7 19. Kb2 h5 20. a5 Nd7 21. h4 g6 22. Bf3 Rhd8 23. Rhd1 Rac8 24. Rd4 Rc5 25. c4 dxc4 26. Bxb7 cxb3 27. Bxa6 Rxa5 28. Bb7 Ra7 29. Bc6 Rc7 30. Rd6 Ra7 31. Bb5 1/2-1/2

[Event "Volme op-B"]
[Site "Schalksmuehle"]
[Date "2007.08.24"]
[Round "1"]
[White "Hartig, Frank"]
[Black "Denger, Philipp"]
[Result "0-1"]
[WhiteElo "1962"]
[BlackElo "1949"]
[PlyCount "98"]
[EventDate "2007.08.24"]
[EventType "tourn"]
[EventRounds "5"]
[EventCountry "GER"]
[SourceTitle "EXT 2009"]
[Source "ChessBase"]
[SourceDate "2008.11.26"]
[SourceVersion "1"]
[SourceVersionDate "2008.11.26"]
[SourceQuality "1"]

1. e4 e6 2. d3 d5 3. Nd2 Nf6 4. e5 Nfd7 5. f4 Be7 6. Ngf3 0-0 7. g3 f6 8. Bh3 f5 9. 0-0 a5 10. Nd4 Nb6 11. N2f3 c5 12. Ne2 Bd7 13. c3 Na6 14. Be3 Rc8 15. g4 g6 16. Rf2 Kh8 17. Rg2 Rg8 18. Kh1 d4 19. cxd4 Bc6 20. Neg1 c4 21. gxf5 exf5 22. dxc4 Nxc4 23. Re2 Be4 24. Bg2 Qd5 25. Bc1 Nc7 26. b3 Na3 27. Bb2 Ne6 28. Rxe4 Qxe4 29. Ng5 Nxg5 30. Bxa3 Bxa3 31. Bxe4 Nxe4 32. Qe1 Rc2 33. Nh3 Bb4 34. Qh4 Rgc8 35. Rg1 Kg7 36. e6 Rd2 37. e7 Rcc2 38. e8N+ Kf8 39. Rxg6 hxg6 40. Qh8+ Ke7 41. Qe5+ Kd7 42. Nf6+ Nxf6 43. Qxf6 Rxh2+ 44. Kg1 Rxh3 45. Qf7+ Kc8 46. Qxg6 Rhh2 47. Qxf5+ Kb8 48. Qe5+ Ka7 49. f5 Rhe2 0-1

[Event "Moehnesee Cup-A"]
[Site "Moehnesee"]
[Date "2005.08.21"]
[Round "7"]
[White "Denger, Philipp"]
[Black "Anderton, Philip"]
[Result "1-0"]
[WhiteElo "2123"]
[BlackElo "1859"]
[PlyCount "89"]
[EventDate "2005.08.18"]
[EventType "swiss"]
[EventRounds "7"]
[EventCountry "GER"]
[SourceTitle "CBM 108 Extra"]
[Source "ChessBase"]
[SourceDate "2005.11.04"]
[SourceVersion "1"]
[SourceVersionDate "2005.11.04"]
[SourceQuality "1"]

1. e4 c5 2. Nf3 d6 3. d3 Nc6 4. g3 g6 5. Bg2 Bg7 6. 0-0 e6 7. Nbd2 Nge7 8. Re1 0-0 9. c3 d5 10. e5 f6 11. exf6 Bxf6 12. Nb3 b6 13. d4 cxd4 14. Nbxd4 Nxd4 15. Nxd4 e5 16. Nc6 Nxc6 17. Qxd5+ Qxd5 18. Bxd5+ Rf7 19. Bxc6 Bb7 20. Bxb7 Rxb7 21. Be3 Rd7 22. Rad1 Rad8 23. Rxd7 Rxd7 24. Kf1 Kf7 25. f3 b5 26. Ke2 Ke6 27. Rd1 Rxd1 28. Kxd1 a6 29. Kd2 Kd5 30. Kd3 h5 31. h3 Bd8 32. b3 Bc7 33. c4+ Ke6 34. Ke4 bxc4 35. bxc4 Bd6 36. Bd2 Bc5 37. Bc3 Bd6 38. Bb2 Bb8 39. Bc3 Bd6 40. Ba5 Kd7 41. Bb6 Kc6 42. c5 Bb8 43. g4 hxg4 44. hxg4 a5 45. a4 1-0

[Event "Moehnesee Cup-A"]
[Site "Moehnesee"]
[Date "2005.08.20"]
[Round "4"]
[White "Bastians, Felix"]
[Black "Denger, Philipp"]
[Result "1/2-1/2"]
[WhiteElo "1921"]
[BlackElo "2123"]
[PlyCount "101"]
[EventDate "2005.08.18"]
[EventType "swiss"]
[EventRounds "7"]
[EventCountry "GER"]
[SourceTitle "CBM 108 Extra"]
[Source "ChessBase"]
[SourceDate "2005.11.04"]
[SourceVersion "1"]
[SourceVersionDate "2005.11.04"]
[SourceQuality "1"]

1. e4 e6 2. d4 d5 3. e5 c5 4. c3 Nc6 5. Nf3 Bd7 6. Be2 Nge7 7. 0-0 Ng6 8. g3 Be7 9. Re1 0-0 10. h4 cxd4 11. cxd4 f6 12. h5 Nh8 13. exf6 Bxf6 14. Nc3 Nf7 15. Bf1 a6 16. Na4 b5 17. Nc5 Qe7 18. Nxd7 Qxd7 19. Bh3 Rae8 20. Bf4 Nd6 21. Ne5 Bxe5 22. dxe5 Nf5 23. Rc1 Rc8 24. h6 g6 25. Qd3 d4 26. Bg2 Nfe7 27. Be4 Nd5 28. Bd2 Nde7 29. Bf4 Nb4 30. Qb3 Ned5 31. Bd2 Nc6 32. Qd3 Qf7 33. f3 Rfd8 34. f4 Qd7 35. Qf3 Nce7 36. g4 Rxc1 37. Rxc1 Kh8 38. Qd3 Rf8 39. Qxd4 Nc6 40. Qc5 Nce7 41. Bxd5 exd5 42. Qd6 Qxg4+ 43. Kf2 Qh4+ 44. Ke2 Qg4+ 45. Kd3 Qf3+ 46. Kc2 Qe4+ 47. Kd1 Qf3+ 48. Ke1 Qh1+ 49. Ke2 Qg2+ 50. Kd1 Qh1+ 51. Kc2 1/2-1/2

[Event "Moehnesee Cup-A"]
[Site "Moehnesee"]
[Date "2005.08.19"]
[Round "2"]
[White "Braun, Vitali"]
[Black "Denger, Philipp"]
[Result "1-0"]
[WhiteElo "2258"]
[BlackElo "2123"]
[PlyCount "61"]
[EventDate "2005.08.18"]
[EventType "swiss"]
[EventRounds "7"]
[EventCountry "GER"]
[SourceTitle "CBM 108 Extra"]
[Source "ChessBase"]
[SourceDate "2005.11.04"]
[SourceVersion "1"]
[SourceVersionDate "2005.11.04"]
[SourceQuality "1"]

1. e4 e6 2. d4 d5 3. Nd2 Be7 4. Bd3 c5 5. Ngf3 Nf6 6. e5 Nfd7 7. c3 Nc6 8. 0-0 cxd4 9. cxd4 0-0 10. Re1 Qb6 11. Nf1 f6 12. exf6 Nxf6 13. Ng3 Bd7 14. b3 Bd6 15. Be3 Kh8 16. Ne5 Nxd4 17. Nxd7 Nxd7 18. Bxh7 Kxh7 19. Bxd4 Bc5 20. Bxc5 Nxc5 21. Qd4 Qd6 22. Rac1 b6 23. b4 Nd7 24. Ne4 Qf4 25. g3 Qf5 26. Rc7 Rfd8 27. Nd6 Qg6 28. Nb7 Rac8 29. Rec1 Rxc7 30. Rxc7 e5 31. Qh4+ 1-0

[Event "Moehnesee Cup-A"]
[Site "Moehnesee"]
[Date "2005.08.19"]
[Round "3"]
[White "Denger, Philipp"]
[Black "Potempa, Dieter Heinz"]
[Result "0-1"]
[WhiteElo "2123"]
[BlackElo "1970"]
[PlyCount "52"]
[EventDate "2005.08.18"]
[EventType "swiss"]
[EventRounds "7"]
[EventCountry "GER"]
[SourceTitle "CBM 108 Extra"]
[Source "ChessBase"]
[SourceDate "2005.11.04"]
[SourceVersion "1"]
[SourceVersionDate "2005.11.04"]
[SourceQuality "1"]

1. c4 c6 2. d4 d5 3. Nf3 Nf6 4. Nc3 e6 5. Bg5 dxc4 6. e3 b5 7. a4 Bb4 8. Nd2 Bb7 9. f3 a6 10. Be2 Nbd7 11. 0-0 0-0 12. Qc2 Qb6 13. Kh1 c5 14. dxc5 Qxc5 15. Bxf6 Nxf6 16. e4 Rfd8 17. Rad1 Qe3 18. Rfe1 Qf2 19. b3 cxb3 20. Qxb3 a5 21. Ndb1 bxa4 22. Qxa4 Nh5 23. Qb5 Nf4 24. Qg5 Rxd1 25. Rxd1 Nxe2 26. Qd2 Ba6 0-1

[Event "Nuremberg-ch op 04th"]
[Site "Nuremberg"]
[Date "2004.05.22"]
[Round "2"]
[White "Demburg, Dimitrij"]
[Black "Denger, Philipp"]
[Result "0-1"]
[WhiteElo "1857"]
[BlackElo "2151"]
[PlyCount "74"]
[EventDate "2004.05.21"]
[EventType "swiss"]
[EventRounds "5"]
[EventCountry "GER"]
[SourceTitle "EXT 2006"]
[Source "ChessBase"]
[SourceDate "2005.11.24"]
[SourceVersion "1"]
[SourceVersionDate "2005.11.24"]
[SourceQuality "1"]

1. e4 e6 2. d4 d5 3. exd5 exd5 4. c4 Nf6 5. Nf3 c6 6. Nc3 Be7 7. c5 0-0 8. Be2 Ne4 9. 0-0 Nd7 10. Ne1 Re8 11. Bd3 Bf6 12. Be3 Nf8 13. Qc2 Ng5 14. Qd2 Qe7 15. Nc2 Bg4 16. Rfc1 Nge6 17. h3 Bh5 18. f4 Bh4 19. Bf2 f5 20. g3 Bf6 21. Bxf5 Qc7 22. g4 Bf7 23. Bg3 g5 24. Ne2 gxf4 25. Nxf4 Bg5 26. Rf1 Ng7 27. Qd3 Qd8 28. Ng2 Nxf5 29. Qxf5 Bg6 30. Qf2 Ne6 31. Be5 Nxc5 32. h4 Ne4 33. Qe2 Bxh4 34. Nxh4 Qxh4 35. Qg2 Ng5 36. Qh2 Qxg4+ 37. Kh1 Be4+ 0-1

[Event "Nuremberg-ch op 04th"]
[Site "Nuremberg"]
[Date "2004.05.21"]
[Round "1"]
[White "Denger, Philipp"]
[Black "Classen, Andrej"]
[Result "1-0"]
[WhiteElo "2151"]
[BlackElo "1674"]
[PlyCount "85"]
[EventDate "2004.05.21"]
[EventType "swiss"]
[EventRounds "5"]
[EventCountry "GER"]
[SourceTitle "EXT 2006"]
[Source "ChessBase"]
[SourceDate "2005.11.24"]
[SourceVersion "1"]
[SourceVersionDate "2005.11.24"]
[SourceQuality "1"]

1. Nf3 c5 2. c4 Nf6 3. Nc3 Nc6 4. d4 e6 5. d5 exd5 6. Nxd5 h6 7. g3 d6 8. Nc3 Be6 9. e4 Qd7 10. b3 g6 11. Bb2 Bg7 12. Qd2 0-0 13. Bg2 Rad8 14. 0-0 Bg4 15. Ne1 Rfe8 16. f3 Be6 17. Rd1 Qe7 18. Nc2 Rd7 19. Ne2 Nxe4 20. fxe4 Bxb2 21. Qxh6 Bf6 22. Qe3 Bg4 23. Rde1 Bxe2 24. Qxe2 Nd4 25. Nxd4 Bxd4+ 26. Kh1 Qe5 27. Qg4 Rde7 28. Rd1 Qg7 29. Rd3 a6 30. a4 b6 31. h4 Qe5 32. Rdf3 Kg7 33. Rf5 Qe6 34. e5 Kf8 35. exd6 Qxd6 36. Rg5 Kg7 37. Bd5 Rh8 38. Rgf5 f6 39. h5 g5 40. Rxg5+ fxg5 41. Qxg5+ Kh7 42. Be4+ Rxe4 43. Rf7+ 1-0

[Event "Boeblingen op 20th"]
[Site "Boeblingen"]
[Date "2003.12.27"]
[Round "3"]
[White "Denger, Philipp"]
[Black "Souleidis, Georgios"]
[Result "0-1"]
[WhiteElo "2167"]
[BlackElo "2401"]
[PlyCount "76"]
[EventDate "2003.12.26"]
[EventType "swiss"]
[EventRounds "9"]
[EventCountry "GER"]
[SourceTitle "CBM 097 Extra"]
[Source "ChessBase"]
[SourceDate "2004.01.13"]
[SourceVersion "1"]
[SourceVersionDate "2004.01.13"]
[SourceQuality "1"]

1. c4 g6 2. Nc3 Bg7 3. g3 e5 4. Bg2 d6 5. d3 h6 6. e3 Nf6 7. Nge2 0-0 8. 0-0 Nc6 9. a3 a5 10. b3 Bd7 11. Bb2 Qc8 12. Qd2 Bh3 13. e4 Bxg2 14. Kxg2 Qd7 15. f3 Nh7 16. Nd5 Ne7 17. Nxe7+ Qxe7 18. a4 f5 19. Rad1 Nf6 20. h3 Kh7 21. Bc1 Nd7 22. Qc2 Nc5 23. Ba3 Ne6 24. Bc1 c6 25. Ba3 Rf7 26. Qd2 Qd7 27. Rde1 d5 28. Rd1 fxe4 29. fxe4 Rxf1 30. Kxf1 Ng5 31. h4 Qh3+ 32. Kf2 Qh2+ 33. Kf1 Nh3 34. Bc5 d4 35. Qe1 Qh1+ 36. Ng1 Qxg1+ 37. Ke2 Qe3+ 38. Kf1 Qf3+ 0-1

[Event "Baunatal op 8th"]
[Site "Baunatal"]
[Date "2002.08.11"]
[Round "6"]
[White "Denger, Philipp"]
[Black "Ramme, Christoph"]
[Result "1/2-1/2"]
[WhiteElo "1862"]
[BlackElo "2106"]
[PlyCount "204"]
[EventDate "2002.08.09"]
[EventType "swiss"]
[EventRounds "7"]
[EventCountry "GER"]
[SourceTitle "EXT 2003"]
[Source "ChessBase"]
[SourceDate "2002.11.25"]
[SourceVersion "1"]
[SourceVersionDate "2002.11.25"]
[SourceQuality "1"]

1. Nf3 c5 2. c4 Nf6 3. Nc3 e6 4. g3 b6 5. Bg2 Bb7 6. 0-0 d6 7. b3 Be7 8. Bb2 0-0 9. Rc1 a6 10. e3 b5 11. Qe2 Nbd7 12. d4 bxc4 13. Qxc4 Rc8 14. dxc5 Rxc5 15. Qe2 Qa8 16. Na4 Rcc8 17. Rfd1 Ne4 18. Ne1 Ng5 19. h4 Ne4 20. Nc3 Nxc3 21. Bxc3 Bxg2 22. Nxg2 Rc6 23. Bb2 Rfc8 24. Ne1 Rxc1 25. Rxc1 Rxc1 26. Bxc1 Qc6 27. Qc2 Ne5 28. Qxc6 Nxc6 29. Nd3 Kf8 30. Kf1 d5 31. Ke2 Bd6 32. Nf4 Ke7 33. Bb2 g6 34. h5 g5 35. Nd3 g4 36. f3 Bxg3 37. fxg4 Bd6 38. Bc3 e5 39. a4 Kf6 40. Kf3 Kg5 41. e4 dxe4+ 42. Kxe4 Nd4 43. b4 Nc2 44. b5 axb5 45. axb5 Kxg4 46. Nxe5+ Kxh5 47. b6 Nb4 48. Nc4 f5+ 49. Kxf5 Nd5 50. b7 Bb8 51. Be5 Ne7+ 52. Ke6 Nc6 53. Bxb8 Nd8+ 54. Kd5 Kg4 55. Bc7 Nxb7 56. Kc6 h5 57. Kxb7 h4 58. Ne3+ Kf3 59. Nf1 Ke4 60. Kc6 Kd4 61. Kd6 Ke4 62. Ke6 Kf3 63. Nh2+ Ke4 64. Kf6 Kd5 65. Kg5 Kc6 66. Bf4 h3 67. Kg4 Kd5 68. Kxh3 Ke4 69. Kg4 Kd5 70. Kf5 Kd4 71. Nf3+ Kd5 72. Be5 Kc6 73. Ke6 Kc5 74. Nd2 Kc6 75. Bd6 Kb5 76. Kd5 Kb6 77. Nc4+ Kb5 78. Nb2 Kb6 79. Nc4+ Kb5 80. Bc5 Ka6 81. Nd6 Ka5 82. Kc4 Ka6 83. Bd4 Ka5 84. Nc8 Ka6 85. Kd5 Ka5 86. Nb6 Ka6 87. Kc6 Ka7 88. Be5 Ka6 89. Bb8 Ka5 90. Nd5 Ka4 91. Kc5 Kb3 92. Bf4 Kc2 93. Nb4+ Kd1 94. Kd4 Ke2 95. Ke4 Kf2 96. Nd3+ Kg2 97. Ke3 Kf1 98. Kf3 Kg1 99. Nf2 Kf1 100. Nd1 Kg1 101. Be5 Kh1 102. Nf2+ Kg1 1/2-1/2

[Event "Baunatal op 8th"]
[Site "Baunatal"]
[Date "2002.08.11"]
[Round "5"]
[White "Reh, Philipp"]
[Black "Denger, Philipp"]
[Result "0-1"]
[WhiteElo "2138"]
[BlackElo "1862"]
[PlyCount "96"]
[EventDate "2002.08.09"]
[EventType "swiss"]
[EventRounds "7"]
[EventCountry "GER"]
[SourceTitle "EXT 2003"]
[Source "ChessBase"]
[SourceDate "2002.11.25"]
[SourceVersion "1"]
[SourceVersionDate "2002.11.25"]
[SourceQuality "1"]

1. c4 c5 2. g3 Nc6 3. Bg2 Nf6 4. Nc3 g6 5. e4 Bg7 6. Nge2 0-0 7. d3 d6 8. 0-0 Ne8 9. Be3 Nc7 10. Qd2 e5 11. Bh6 f6 12. Bxg7 Kxg7 13. f4 Bg4 14. f5 Bxe2 15. Qxe2 g5 16. Nd5 Nxd5 17. exd5 Nd4 18. Qe4 Qd7 19. Bh3 b5 20. b3 a5 21. Bg4 a4 22. Rab1 axb3 23. axb3 b4 24. h4 h6 25. Rf2 Ra3 26. hxg5 hxg5 27. Bd1 Rh8 28. g4 Kg8 29. Qg2 Qh7 30. Qh2 Qh3 31. Qxh3 Rxh3 32. Rh2 Rxd3 33. Rh6 Kg7 34. Rg6+ Kf7 35. Rh6 Kg7 36. Rg6+ Kf7 37. Rh6 e4 38. Rh7+ Ke8 39. Rh8+ Ke7 40. Rh7+ Kf8 41. Rd7 Ra6 42. Rb7 e3 43. Rb8+ Ke7 44. Rb7+ Kd8 45. Rf7 e2 46. Bxe2 Nxe2+ 47. Kf1 Ng3+ 48. Kg1 Ra2 0-1